LEADER 00927nam a2200205 i 4500 001 000000253841 003 CaOOAMICUS 005 20170418000000.0 008 170418s1821 it u000 u ita u 013 $a232746 026 $alai- nono tone peal (3) 1821 (A) 040 $aSeMil$bita 245 10$aVol. 38. 300 $a272 p., [1] c. di tav. :$bantip. calcogr. 773 0 $aRollin, Charles <1661-1741>$tStoria antica e romana di Carlo Rollin versione ridotta a lezione migliore arricchita di annotazioni di un più copioso indice delle materie e di incisioni in rame ... Vol. 1. [-48].$dVenezia : Dalla Tipografia di Alvisopoli, 1819-1822 (Venezia : Stampato a cura di Giuseppe Battaggia)$g38$w()4468 850 $aSeMil 852 $aSeMil$W1$xVenegono$y1$m3V VII 38 FA$j204187$B204187$CSeMilBibl$Z2$F217622 $8I 941 1 $a10 961 $aRecupero: Mantegazza 996 $6245$aVol. 38$9(OLS)http://semarc/title/306910 LEADER 01046nam a2200205 i 4500 001 000000235555 003 CaOOAMICUS 005 20141111000000.0 008 141111s1830 it u000 u ita u 013 $a214459 026 $a1.la laa? i-u- leTu (3) 1830 (R) 040 $aSeMil$bita 245 10$aTomo 26. 300 $aVII, [1], 222, [2] p., [1] carta di tav. :$bill. 500 $aLa carta di tav. è incisa da Antonio Viviani. 700 1 $aViviani, Antonio .$0(OLS)http://semarc/name/80528 773 0 $aBérault Bercastel, Antoine Henri : de <1722-1794>$tStoria del cristianesimo dell'abate di Berault-Bercastel recata in italiano con dissertazioni e note dall'ab. Giambattista Zugno dedicata all'illustr. e reverend. monsignore Jacopo Monico patriarca di Venezia, ... Tomo 1. [-36.].$dVenezia : Dai tipi di Giuseppe Antonelli, 1828-1832.$g26$w()30917 850 $aSeMil 852 $aSeMil$W1$xVenegono$y1$m3A III 125 FA$j185901$B185901$CSeMilBibl$Z2$F196806 $8I 996 $6245$aTomo 26$9(OLS)http://semarc/title/90512